000 00768nam a2200193Ii 4500
003 JO-AjNU
008 230606s9999||||xx |||||||||||||| ||und||
040 _aJO-AjNU
_beng
_erda
_cJO-AjNU
041 _aeng
050 1 4 _aPR4169 2016
100 3 _aPreparation AL-Hazaimeh, Suzan Ahmad, Samah Hasan AL-ThiabatŘ› Supervisor Mahmoud AL Sobh, Co Supervisor Ahmad AL-Kouri,
_eauthor
_95794
245 0 4 _aThe Image of Women in Foster,s A Passage to India From a Feminist Perpective
264 3 1 _aAjIoun: AjIoun National University, 2016
300 _a38p
_b Graduation project, AjIoun National University, 2016
336 _atext
_btxt
_2rdacontent
337 _aunmediated
_bn
_2rdamedia
338 _avolume
_bnc
_2rdacarrier
650 4 _aLanguage - Literature
_95795
999 _aE3005
_c3003
_d3003